000 00384 a2200157 4500
001 170877
020 _a
040 _cMagnum
100 _aWard, Brian R.
240 1 0 _aColecao o corpo humano: o esqueleto e os movimentos
_lpor
245 1 0 _aColecao o corpo humano: o esqueleto e os movimentos
362 0 _a1899
440 1 _aScipione
697 _aPARADIDATICOS
942 _cBK
999 _c170877
_d170877